00678nam a2200181 i 450000100060000000300090000600500170001500700030003200800410003510000310007624500940010726000500020130000440025170000300029585200320032599900170035795201220037471400ES-MaACL20230906171123.0t|040810s1971 sp ||||1| spa d1 aGeertinger, Preben.95620010aMuerte súbita en el lactante / cPreben Geertinger ; [versión, J. Corbella Corbella]. aBarcelona : bEditorial Pediátrica, c1971. aXV, 114 p., 5 lám. : bil. ; c23 cm.1 aCorbella, Jacint.9147000 aES-MaACLjC-44195 bR.79475 c71400d71400 00104070aATENEOMbATENEOMcDEPO2d2008-01-17eSCl0oC-44195p1074756r2023-02-23 00:00:00w2023-02-23yMONOGRAFIA